IFM Opac

Visual Basic (Record no. 12377)

MARC details
000 -LEADER
fixed length control field 00383nam a2200157 4500
020 ## - INTERNATIONAL STANDARD BOOK NUMBER
International Standard Book Number 9780273793281
082 ## - DEWEY DECIMAL CLASSIFICATION NUMBER
Classification number 005.2618 DEI
100 ## - MAIN ENTRY--PERSONAL NAME
Personal name Deitel,Paul, Deitel Harvey, Deitel Abbey
245 ## - TITLE STATEMENT
Title Visual Basic
250 ## - EDITION STATEMENT
Edition statement 16th
260 ## - PUBLICATION, DISTRIBUTION, ETC.
Place of publication, distribution, etc. LONDON
Name of publisher, distributor, etc. Licensing Agency Ltd
Date of publication, distribution, etc. 2014
300 ## - PHYSICAL DESCRIPTION
Extent 679p
Other physical details :ill,;23cm
500 ## - GENERAL NOTE
General note include index
650 ## - SUBJECT ADDED ENTRY--TOPICAL TERM
Topical term or geographic name entry element Visual Basic
942 ## - ADDED ENTRY ELEMENTS (KOHA)
Koha item type Books
Holdings
Withdrawn status Lost status Source of classification or shelving scheme Damaged status Not for loan Home library Current library Shelving location Date acquired Total Checkouts Full call number Barcode Date last seen Date last checked out Price effective from Koha item type
    Dewey Decimal Classification     IFM Main Campus Library IFM Main Campus Library   07/15/2015 2 005.2618 DEI 0000029582 10/19/2017 01/27/2017 02/19/2022 Books